00863 2200289 4500001002100000005001500021035002000036007000300056008004100059020002200100082001400122084002000136100003800156245008300194250001000277260003200287300003400319500007000353650003400423700002000457700002000477700002000497700001800517700001600535990001100551990001100562INLIS00000000000346420190521104836 a0010-0519000056ta190521 g 0 ind  a978-979-1254-02-1 a297.122 6 a297.122 6 ABD t0 aABDURRAHMAN, bin Nashir as- Sa'id1 aTafsir Al-Qur'an (6) :bSurat: Fathir- Qaf /cAbdurrahman bin Nashir as- Sa'id acet.5 aJakarta :bDarul Haq,c2016 avi, 638 hlm ;cJild. 6, 25 cm aJudul asli: Taisir al- Karim ar- Rahman fi Tafsir Kalam al-Mannan 4aTAFSIR AL-QUR'AN. AGAMA ISLAM0 aMUHAMMAD, Iqbal0 aIZZUDIN, Karimi0 aMUHAMMAD, Ashim0 aMUSTOFA, Aini0 aZUHDI, Amin a6780 a a6780 b